000 00515nam a2200181Ia 4500
005 20250508152947.0
008 008 250505s9999 xx 000 0 eng d
037 _aTextual
040 _aFEDL
_beng
_cFEDL
041 _aeng
_2eng
084 _a504, SAR
_qFEDL
100 _aSarton George
_9324849
245 0 _aLife of science: Essay in the history of civilization
260 _aNew York, USA
_bHenry Schuman
_c1948
300 _avii,197p
942 _cTEXL
_h504, SAR
999 _c1339845
_d1339845